|
|
|
|
| LEADER |
00000cam a22000004a 4500 |
| 001 |
musev2_76931 |
| 003 |
MdBmJHUP |
| 005 |
20230905051937.0 |
| 006 |
m o d |
| 007 |
cr||||||||nn|n |
| 008 |
140130s2013 xxu o 00 0 eng d |
| 020 |
|
|
|a 9780826353962
|
| 020 |
|
|
|z 9780826353955
|
| 035 |
|
|
|a (OCoLC)858229579
|
| 040 |
|
|
|a MdBmJHUP
|c MdBmJHUP
|
| 100 |
1 |
|
|a Germeten, Nicole von.
|
| 245 |
1 |
0 |
|a Violent Delights, Violent Ends :
|b Sex, Race, and Honor in Colonial Cartagena de Indias /
|c Nicole von Germeten.
|
| 264 |
|
1 |
|a Alburquerque :
|b University of New Mexico Press,
|c 2013.
|
| 264 |
|
3 |
|a Baltimore, Md. :
|b Project MUSE,
|c 2021
|
| 264 |
|
4 |
|c ©2013.
|
| 300 |
|
|
|a 1 online resource (328 pages).
|
| 336 |
|
|
|a text
|b txt
|2 rdacontent
|
| 337 |
|
|
|a computer
|b c
|2 rdamedia
|
| 338 |
|
|
|a online resource
|b cr
|2 rdacarrier
|
| 588 |
|
|
|a Description based on print version record.
|
| 650 |
0 |
4 |
|a Honor
|z Cartagena (Colòmbia)
|x Història.
|
| 650 |
0 |
4 |
|a Violencia
|z Cartagena (Colòmbia)
|x Història.
|
| 650 |
0 |
4 |
|a Sexualitat
|z Cartagena (Colòmbia)
|x Història.
|
| 651 |
|
4 |
|a Cartagena de Indias (Colòmbia)
|x Relacions racials
|x Història.
|
| 655 |
|
7 |
|a Electronic books.
|2 local
|
| 710 |
2 |
|
|a Project Muse.
|e distributor
|
| 830 |
|
0 |
|a Book collections on Project MUSE.
|
| 856 |
4 |
0 |
|z Texto completo
|u https://projectmuse.uam.elogim.com/book/76931/
|
| 945 |
|
|
|a Project MUSE - Custom Collection
|
| 945 |
|
|
|a Project MUSE - Archive Complete Supplement IX
|
| 945 |
|
|
|a Project MUSE - Archive History Supplement IX
|
| 945 |
|
|
|a Project MUSE - Archive Latin American and Caribbean Studies Supplement VIII
|